Оценка радиоэкологической ситуации Томск-Северской промышленной агломерации по результатам радиографических исследований атмосферных пылевых выпадений; Контроль окружающей среды и климата "КОСК-2012"

Détails bibliographiques
Parent link:Контроль окружающей среды и климата "КОСК-2012".— 2012.— C. 117-119
Auteur principal: Язиков Е. Г. Егор Григорьевич
Autres auteurs: Таловская А. В. Анна Валерьевна
Résumé:В фонде НТБ ТПУ отсутствует
Langue:russe
Publié: 2012
Sujets:
Format: MixedMaterials Chapitre de livre
KOHA link:https://koha.lib.tpu.ru/cgi-bin/koha/opac-detail.pl?biblionumber=597361

MARC

LEADER 00000naa0a2200000 4500
001 597361
005 20250205095615.0
035 |a (RuTPU)RU\TPU\tpu\20599 
090 |a 597361 
100 |a 20120126d2012 k y0rusy50 ca 
101 0 |a rus 
102 |a RU 
200 1 |a Оценка радиоэкологической ситуации Томск-Северской промышленной агломерации по результатам радиографических исследований атмосферных пылевых выпадений  |f Е. Г. Язиков, А. В. Таловская 
333 |a В фонде НТБ ТПУ отсутствует 
463 |t Контроль окружающей среды и климата "КОСК-2012"  |o материалы 8 Всероссийского симпозиума, Томск, 1-3 октября 2012 г. (с привлечением иностранных ученых)  |v C. 117-119  |d 2012 
610 1 |a труды учёных ТПУ 
700 1 |a Язиков  |b Е. Г.  |c специалист в области геологии и минералогии  |c профессор Томского политехнического университета, доктор геолого-минералогических наук, заместитель проректора по образовательной и международной деятельности  |f 1955-  |g Егор Григорьевич  |3 (RuTPU)RU\TPU\pers\26057  |9 11896 
701 1 |a Таловская  |b А. В.  |c геохимик  |c профессор Томского политехнического университета, доктор геолого-минералогических наук  |f 1983-  |g Анна Валерьевна  |3 (RuTPU)RU\TPU\pers\26173  |9 11982 
801 1 |a RU  |b 63413507  |c 20120126 
801 2 |a RU  |b 63413507  |c 20130123  |g RCR 
942 |c BK